The Effect of gamma irradiation on the physical properties of Natural Rubber-LLDPE blends (Record no. 70614)
[ view plain ]
| 000 -LEADER | |
|---|---|
| fixed length control field | 01696nam a2200169Ia 4500 |
| 100 ## - MAIN ENTRY--AUTHOR NAME | |
| Personal name | Iskandar S |
| 245 #4 - TITLE STATEMENT | |
| Title | The Effect of gamma irradiation on the physical properties of Natural Rubber-LLDPE blends |
| 260 ## - PUBLICATION, DISTRIBUTION, ETC. (IMPRINT) | |
| Name of publisher | Proceedings : Indonesian Rubber Conference and IRRDB symposiun 2000 Indonesian Rubber Research Institute, Bogor, Indonesia, 12-14 September 2000.V.II.pp.331-339. |
| 520 ## - SUMMARY, ETC. | |
| Summary, etc | To improve the physical properties of natural rubber(NR)-LLDPE blends, studies on the effect of gamma rays radiation on physical properties of NR-LLDPE blends have been done. The NR and LLDPE with different composition was blended using laboplastomill at 160 oC and 150kg/cm2 force for 5 minutes, and it was pressed to become a film using hot and cold press machine at 160 oC and room temperature respectively for 3 minutes by 150kg/cm2 force. LLDPE powder and granulate was used in the experiment. The film then irradiated by gamma rays at dose of 50, 100, 150, 200, and 300 kGy. Characterization of the film was carried out using tensile tester and SEM. The experimental result showed that gamma rays irradiation enhanced the tensile strength, hardness, and gel fraction of NR-LLDPE blends significantly. The maximum tensile strength was found at composition of NR-LLDPE blend containing 75 phr (part per hundred part of rubber) LLDPE and irradiated at 150kGy. The irradiated NR-LLDPE blends containing LLDPE powder give higher tensile strength compared to containing LLDPE granulate. |
| 650 ## - SUBJECT ADDED ENTRY--TOPICAL TERM | |
| Topical Term | Gamma radiation |
| 650 ## - SUBJECT ADDED ENTRY--TOPICAL TERM | |
| Topical Term | NR-LLDPE blends |
| 650 ## - SUBJECT ADDED ENTRY--TOPICAL TERM | |
| Topical Term | Physical properties |
| 700 ## - ADDED ENTRY--PERSONAL NAME | |
| Personal name | Iramani D |
| 700 ## - ADDED ENTRY--PERSONAL NAME | |
| Personal name | Marliyanti I |
| 942 ## - ADDED ENTRY ELEMENTS (KOHA) | |
| Koha item type | Journals |
| Withdrawn status | Lost status | Damaged status | Not for loan | Home library | Current library | Shelving location | Date acquired | Koha item type |
|---|---|---|---|---|---|---|---|---|
| Journals | RRII Library | RRII Library | Rubber chemistry | 01/01/2021 | Journals |